Surgery : (Record no. 3411)

MARC details
000 -LEADER
fixed length control field 00728nac a22002051u 4500
010 ## - LIBRARY OF CONGRESS CONTROL NUMBER
LC control number 94079792
020 ## - INTERNATIONAL STANDARD BOOK NUMBER
International Standard Book Number 0963287354 (pbk.)
082 ## - DEWEY DECIMAL CLASSIFICATION NUMBER
Classification number 617.0076
Item number G271
090 ## - LOCALLY ASSIGNED LC-TYPE CALL NUMBER (OCLC); LOCAL CALL NUMBER (OCLC)
-- 3411
-- 3411
100 ## - MAIN ENTRY--PERSONAL NAME
Personal name Geelhoed, Glenn W.
245 10 - TITLE STATEMENT
Title Surgery :
Remainder of title review for New National Boards /
Statement of responsibility, etc Glenn W. Gedhoed.
260 ## - PUBLICATION, DISTRIBUTION, ETC. (IMPRINT)
Place of publication, distribution, etc Alexandria, VA :
Name of publisher, distributor, etc J&S Pub.,
Date of publication, distribution, etc 1995.
300 ## - PHYSICAL DESCRIPTION
Extent p.
Dimensions cm.
500 ## - GENERAL NOTE
General note Donations.
500 ## - GENERAL NOTE
General note Donations - Biblioteca Alexandrina.
650 ## - SUBJECT ADDED ENTRY--TOPICAL TERM
Topical term or geographic name as entry element Surgery--Examinations, questions, etc.
650 ## - SUBJECT ADDED ENTRY--TOPICAL TERM
Topical term or geographic name as entry element Surgery--Examination questions.
942 ## - ADDED ENTRY ELEMENTS (KOHA)
Item type Book - Borrowing
Call number prefix 617.0076G271
Holdings
Withdrawn status Item status Source of classification or shelving scheme Damaged status Not for loan Home library Current library Shelving location Date acquired Source of acquisition Total Checkouts Full call number Barcode Date last seen Koha item type
    Dewey Decimal Classification     Central Library Central Library First floor 07/04/2010 Purchase   617.0076 GEE 000039475 15/07/2025 Book - Borrowing